New Orleans Pelicans All-Time Scoring Leaders - Statistics

General Stats
  • This quiz has been taken 33 times
  • The average score is 9 of 20
Answer Stats
Points Player % Correct
11059 Anthony Davis
100%
2728 Baron Davis
100%
7936 Chris Paul
94%
8690 David West
72%
7230 Jrue Holiday
72%
1624 DeMarcus Cousins
63%
2168 Jamal Mashburn
47%
3135 Peja Stojakovic
47%
1975 Emeka Okafor
44%
3390 Eric Gordon
41%
3702 Ryan Anderson
41%
3231 P.J. Brown
38%
2016 Tyson Chandler
38%
2982 Tyreke Evans
31%
2230 Jamaal Magloire
28%
2429 David Wesley
25%
2792 E'Twaun Moore
25%
1785 Desmond Mason
9%
1672 Greivis Vasquez
9%
2677 Rasual Butler
6%
No matching quizzes found
Score Distribution
Percent of People with Each Score
Percentile by Number Answered
Your Score History
You have not taken this quiz